000 01461 am a2200409 a 4500
005 20240614080317.0
008 100804s2002||||sp # f |||| 001 0 spa d
020 _a8479037679
041 _aspa
092 _c616.025
_l53
_sMOY
100 1 _aMoya Mir, Manuel S.
_9929
245 _aGuía rápida de actuación en urgencias /
_cManuel S. Moya Mir.
250 _a1a ed.
260 _aMadrid:
_bEditorial Médica Panamericana ; Sociedad Española de Medicina de Urgencias y Emergencias;
_c2002.
300 _a130 p.
500 _aMoya Mir, M. S. (2002). Guía rápida de actuación en urgencias. (1a ed.). Madrid : Editorial Médica Panamericana ; Sociedad Española de Urgencias y Emergencias.
653 _aInfecciones
653 _aUrgencias cardiocirculatorias
653 _aUrgencias respiratorias
653 _aUrgencias nefrourológicas
653 _aUrgencias digestivas
653 _aDiátesis hemorrágica
653 _aUrgencias endocrinológicas
653 _aUrgencias neurológicas
653 _aUrgencias psiquiátricas
653 _aUrgencias reumatológicas
653 _aUrgencias otorrinolaringológicas
653 _aUrgencias oncológicas
653 _aReacción alérgica
653 _aUrgencias oftalmológicas
653 _aUrgencias ginecológicas
653 _aAgentes físicos, irritantes y animales
653 _aUrgencias traumatológicas
930 _a1117
930 _a1172
942 _2ddc
_cBK
999 _c540
_d540